Cogito (Запис № 418908)
[ простий вигляд ]
| 000 -Лідер | |
|---|---|
| fixed length control field | 01827nam a22002777a 4500 |
| 003 - Ідентифікатор контрольного номера | |
| control field | UA-OsUOA |
| 001 - Контрольний номер | |
| control field | 130690 |
| 007 - Фіксоване поле фізичного опису | |
| fixed length control field | ta |
| 008 - Елементи даних фіксованої довжини – загальна інформація | |
| fixed length control field | 20180508b un ||||| |||| 00| 0 ukr d |
| 090 ## - Локальний шифр розміщення | |
| Авторський знак (НП) | C-67 |
| 040 ## - Джерело каталогізації | |
| Агенція оригінальної каталогізації | UA-OsUOA |
| Мова каталогізації | eng |
| Агенція, яка здійснювала перезапис | UA-OsUOA |
| Агенція, яка здійснювала модифікацію | UA-OsUOA |
| 041 ## - Код мови | |
| Код мови тексту/ звукової доріжки чи окремого заголовка (П) | eng |
| 245 ## - Відомості про назву | |
| Назва (НП) | Cogito |
| Дані про відповідальність (НП) | Editor in-chief PROF. GABRIELA POHOATA, Ph.D HAB. - "DIMITRIE CANTEMIR" |
| 260 ## - Публікація, розповсюдження і т.п. (Вихідні дані) | |
| Дата публікації, розповсюдження і т.п. (П) | 2017 |
| 246 31 - Інша форма назви | |
| Назва (НП) | Open access journal |
| Номер частини/ розділ роботи (П) | 1 |
| 520 3# - Резюме і т.п. | |
| Резюме, реферат, анотація, тощо (НП) | The "Cogito" Journal of "Dimitrie Cantemir" Christian University, Bucharest, is a journal of scientific pluridisciplinary research which includes the following domains: philosophy, political sciences, economic sciences, judicial sciences, foreign lang |
| 520 3# - Резюме і т.п. | |
| Резюме, реферат, анотація, тощо (НП) | uages, history of ideas. The issue of the journal, suggestively entitled "Cogito" is an exceptional editorial event, which proves the special interest for scientific and philosophic research activity in our academic community. This matter drew the par |
| 520 3# - Резюме і т.п. | |
| Резюме, реферат, анотація, тощо (НП) | ticipation, with studies and articles, to establishing the first issue of certain distinguished academicians, Ph.D.Professors Alexandru Boboc (University of Bucharest), Teodor Dima ("Al. I.Cuza" university, Iasi) as well as remarkable professors, from |
| 520 3# - Резюме і т.п. | |
| Резюме, реферат, анотація, тощо (НП) | our university and other high education institutions from Bucharest, Iasi and foreign countries. By thematic, the studies and articles address to not only specialists, though a wider public interested in the development of contemporary ideas. "Cogito |
| 520 3# - Резюме і т.п. | |
| Резюме, реферат, анотація, тощо (НП) | " Journal appears four times a year, the first issue appearing in 16th of July 2009 with the support of PROUniversitaria Publishing House, Bucharest. |
| 650 #7 - Додаткове предметне введення – тематичний термін | |
| Джерело заголовка чи терміна | UDC |
| 856 40 - Електронне місцезнаходження та доступ | |
| Уніфікований ідентифікатор ресурсу (П) | http://cogito.ucdc.ro/cogito-march2017.pdf |
| 942 ## - Додаткові елементи входу (Коха) | |
| Тип елемента Koha | Номер журналу |
| 955 ## - Код типу видання за змістом | |
| Код типу видання за змістом (НП) | Наукові видання |
Немає доступних примірників.